[Event "FSV-ch 2009"]
[Site "Dortmund"]
[Date "2009.06.04"]
[Round "7.5"]
[White "Volmer, Martin"]
[Black "Jost, Udo"]
[Result "1-0"]
[WhiteElo "1586"]
[BlackElo "1826"]
[PlyCount "95"]
[EventDate "2009.??.??"]
[SourceDate "2009.04.03"]

1. d4 c5 2. d5 d6 3. c4 e5 4. Nc3 Be7 5. e4 Nf6 6. Be2 O-O 7. Nf3 Ne8 8. O-O
Kh8 9. Be3 f5 10. exf5 Bxf5 11. Nd2 g5 12. Nde4 Na6 13. a3 Ng7 14. Rb1 Qe8 15.
b4 cxb4 16. axb4 Qg6 17. Bd3 Nh5 18. g4 Nf4 19. gxf5 Qxf5 20. Kh1 Qh3 21. Rg1
Rg8 22. Bf1 Qh6 23. c5 Rg6 24. Qg4 Rf8 25. c6 bxc6 26. Bxa6 cxd5 27. Ng3 d4 28.
Nf5 Rxf5 29. Qxf5 dxe3 30. fxe3 Nh3 31. Rg3 g4 32. Bc4 Rf6 33. Qc8+ Rf8 34. Qe6
Qg7 35. Rf1 Bh4 36. Rxf8+ Qxf8 37. Rxh3 gxh3 38. Qxh3 Be1 39. Ne4 Bxb4 40. Ng5
h6 41. Nf7+ Kh7 42. Qd7 Kg6 43. Bd3+ Kf6 44. Qf5+ Ke7 45. Bc4 Qa8+ 46. e4 h5
47. Qe6+ Kf8 48. Nxd6 1-0

[Event "FSV-ch 2009"]
[Site "Dortmund"]
[Date "2009.06.04"]
[Round "7.6"]
[White "Bommert, Christian"]
[Black "Grube, Jörg"]
[Result "0-1"]
[WhiteElo "1644"]
[BlackElo "1800"]
[PlyCount "26"]
[EventDate "2009.??.??"]
[SourceDate "2009.04.03"]

1. f4 d5 2. Nf3 Nc6 3. g3 Qd6 4. d4 h5 5. Nc3 Bf5 6. a3 O-O-O 7. Nh4 Bh7 8. f5
Qf6 9. Bg2 e6 10. fxe6 Nxd4 11. e4 dxe4 12. Nxe4 Bxe4 13. Bxe4 Qxe6 0-1

[Event "FSV-ch 2009"]
[Site "Dortmund"]
[Date "2009.06.04"]
[Round "7.7"]
[White "Vöpel, Karl-Heinz"]
[Black "Clausen, Dirk"]
[Result "1-0"]
[WhiteElo "1686"]
[BlackElo "1633"]
[PlyCount "85"]
[EventDate "2009.??.??"]
[SourceDate "2009.04.03"]

1. e4 e5 2. Nf3 Nc6 3. Bb5 a6 4. Ba4 Bc5 5. c3 Nf6 6. Bc2 h6 7. O-O d5 8. d3 d4
9. h3 Be6 10. Nbd2 O-O 11. Nb3 Bxb3 12. Bxb3 Qd6 13. c4 b5 14. Bd2 b4 15. Nh4
Ne7 16. f4 (16. g4 $5) 16... Ng6 17. Nf5 ({Moeglich war} 17. Nxg6 $5 fxg6 18.
Bxb4 {was jedoch nicht heissen soll, dass der Partiezug nicht ebenbuertig oder
gar besser ist.}) 17... Qb6 18. Qf3 exf4 19. Bxf4 Nxf4 20. Qxf4 Nh5 21. Qg4 (
21. Qh4 $1 Qg6 22. g4 Nf6 23. Nxh6+ $18) 21... Qg6 22. Bd1 (22. e5 $1 {
nimmt dem schwarzen Springer das Rueckzugsfeld f6, z.B.} 22... Rae8 23. Bd1 (
23. Rae1 $5) 23... Rxe5 24. Qxh5 Qxh5 25. Bxh5 g6 26. Nxh6+ Kg7 27. Ng4 Re6 (
27... Rxh5 28. Nf6) 28. Bxg6 fxg6 29. Rxf8 Bxf8 30. Kf1 $16) 22... Nf6 23. Qf4
Ne8 24. e5 a5 25. Bf3 Ra6 26. Be4 Qg5 27. Qh2 $6 f6 28. e6 Nd6 29. Ne7+ (29. h4
$1 Qh5 30. Ne7+ Kh8 31. Ng6+ Kg8 32. Nxf8 Nxe4 33. Qxc7 $18) 29... Kh8 30. Ng6+
Kg8 31. Nxf8 (31. Bd5 $1 Qxg6 32. e7+ Rf7 33. Qxd6 $18) 31... Nxe4 32. dxe4 d3+
33. Kh1 Bd6 34. Qg1 (34. e7 $1 Bxe7 35. Rf5 Qe3 36. Nd7 Rd6 37. Rd5 $18) 34...
Kxf8 35. Rf5 $1 Qg3 36. Rf3 {
(Uebervorsichtig! Weiss konnte sich einfach weiter entwickeln.)} (36. Rd1)
36... Qe5 37. Rxd3 Qxb2 38. Rd5 Rc6 39. Rf1 (39. Rad1 $1 Rxc4 $2 40. Rxd6 cxd6
41. Qa7 $1 $18) 39... Rxc4 40. Qa7 (40. Rxd6 $1 cxd6 41. Qa7 $1) 40... Ke7 41.
e5 (41. Rxd6 Qe2 (41... Kxd6 42. Qa6+) 42. Rfd1 Rc2 43. Rd7+ Kxe6 44. R1d6+ $1
Ke5 (44... cxd6 45. Re7#) 45. Qd4+ Kf4 46. Rxf6+ gxf6 47. Qxf6+ Ke3 48. Qd4+
Kf4 49. Rf7+ Kg5 50. Qe5+ Kh4 51. Rf4+ Kg3 52. Rf3+ Kh4 53. Qg3+ Kh5 54. Qg4#)
41... Kxe6 42. exd6 Kxd5 43. d7 1-0

[Event "FSV-ch 2009"]
[Site "Dortmund"]
[Date "2009.06.14"]
[Round "7.8"]
[White "Behler, Nils"]
[Black "Raabe, Hans-Ulrich"]
[Result "1-0"]
[WhiteElo "1807"]
[BlackElo "1520"]
[PlyCount "59"]
[EventDate "2009.??.??"]
[SourceDate "2009.04.03"]

1. e4 e5 2. Nf3 Nc6 3. Bc4 Bc5 4. d4 Bxd4 5. Nxd4 Nxd4 6. Qh5 Qe7 7. Na3 Nf6 8.
Qh4 d6 9. c3 Nc6 10. O-O Be6 11. Bb5 Bd7 12. Nc2 a6 13. Ba4 O-O-O 14. b4 h6 15.
f3 g5 16. Qf2 Kb8 17. c4 Rdf8 18. Bb3 g4 19. a4 gxf3 20. Qxf3 Ne8 21. b5 Na5
22. Bd2 Nxb3 23. Qxb3 b6 24. a5 axb5 25. axb6 cxb6 26. cxb5 Be6 27. Qa3 Qb7 28.
Nb4 Kc7 29. Qc3+ Kd7 30. Nc6 1-0

[Event "FSV-ch 2009"]
[Site "Dortmund"]
[Date "2009.06.04"]
[Round "7.10"]
[White "Kirmes, Hans-Uwe"]
[Black "Barth, Hans-Joachim"]
[Result "0-1"]
[WhiteElo "1479"]
[BlackElo "1766"]
[PlyCount "114"]
[EventDate "2009.??.??"]
[SourceDate "2009.04.03"]

1. e4 g6 2. d4 Bg7 3. Nc3 c6 4. Be3 d6 5. Bc4 Nf6 6. f3 O-O 7. Qd2 b5 8. Bd3
Qa5 9. Bh6 b4 10. Bxg7 bxc3 11. Qxc3 Qxc3+ 12. bxc3 Kxg7 13. Ne2 Nbd7 14. c4
Rb8 15. O-O Ba6 16. Rfb1 c5 17. Rb3 Rb6 18. Rab1 Rfb8 19. c3 g5 20. Ng3 e6 21.
Kf2 h5 22. Ke3 h4 23. Nf1 e5 24. d5 Nh5 25. g3 hxg3 26. hxg3 Rh8 27. Kf2 Nhf6
28. Kg2 Ng8 29. Ne3 Ne7 30. Rxb6 Nxb6 31. g4 Kf6 32. Rb3 Ng6 33. Bf1 Nf4+ 34.
Kg3 Ra8 ({Der Partiezug mutet mehr als bescheiden an. Mit dem Eindringen
seines Turms nach h1 haette er die Ereignisse forcieren koennen, z.B.:} 34...
Rh1 35. Ra3 Bxc4 $1 36. Bxc4 Re1 37. Kf2 Rxe3) 35. Ra3 Bc8 36. Rb3 Bd7 37. Kf2
Ke7 38. Kg3 Kd8 39. Kf2 Kc7 40. Ke1 Rh8 41. Rb2 Na4 42. Rc2 Rb8 43. Kd2 Rb1 44.
Nd1 Kb6 45. Rc1 Rxc1 46. Kxc1 Ka5 47. Kc2 Nb6 48. Kb2 Nc8 49. Ne3 Ka4 50. Nc2
Ne7 51. Ne3 Neg6 52. Ng2 Nxg2 53. Bxg2 Bc8 54. Bf1 Nf4 55. Kb1 Ka3 56. Ka1 Bd7
57. Kb1 Ba4 {"Patt" ;-) Weiss gab auf ...} 0-1

[Event "FSV-ch 2009"]
[Site "Dortmund"]
[Date "2009.06.04"]
[Round "7.12"]
[White "Schlagbaum, Christoph"]
[Black "Hübel, Carsten"]
[Result "1/2-1/2"]
[WhiteElo "1605"]
[BlackElo "1272"]
[PlyCount "42"]
[EventDate "2009.??.??"]
[SourceDate "2009.04.03"]

1. e4 c5 2. d4 e6 3. Nf3 cxd4 4. Nxd4 Nc6 5. Be3 Nf6 6. Nd2 d5 7. Nxc6 bxc6 8.
e5 Nd7 9. f4 Be7 10. c3 O-O 11. Bd3 g6 12. g3 Bc5 13. Qe2 Qb6 14. Bxc5 Nxc5 15.
b4 Nxd3+ 16. Qxd3 Ba6 17. Qf3 Rad8 18. Qf2 f6 ({Klar besser steht Schwarz nach
} 18... d4 {z.B.} 19. Ne4 dxc3 20. Qxb6 axb6 21. Nxc3 (21. Nd6 f6 $1 22. a4
fxe5 23. fxe5 Rf3 24. b5 Re3+ 25. Kf2 Rxe5 26. bxa6 Rxd6) 21... Rd3 22. Rc1
Rfd8 23. a4 R8d4 24. b5 Bb7 25. Ne2 Rd7 26. bxc6 Bxc6 $1) 19. Qxb6 axb6 20.
exf6 Rxf6 21. O-O-O b5 $4 {Dieser letzte Zug der Partie ruiniert die schwarze
Stellung komplett. Erstaunlich, dass Weiss sich ausgerechnet in diesem Moment
auf ein Remis einlaesst ...} 1/2-1/2

[Event "FSV-ch 2009"]
[Site "Dortmund"]
[Date "2009.06.04"]
[Round "7.13"]
[White "Vogt, Christian"]
[Black "Dite, Alexander"]
[Result "0-1"]
[WhiteElo "1140"]
[BlackElo "1602"]
[PlyCount "100"]
[EventDate "2009.??.??"]
[SourceDate "2009.04.03"]

1. d4 d5 2. c4 e6 3. Nc3 Nf6 4. Bg5 Nbd7 5. Nf3 Be7 6. e3 O-O 7. Qc2 h6 8. Bh4
Ne4 9. Bxe7 Qxe7 10. Nxe4 dxe4 11. Nd2 f5 12. Be2 c6 13. a3 e5 14. O-O Qg5 15.
Rad1 exd4 16. exd4 Nf6 17. Kh1 Be6 18. f4 Qg6 19. Nb3 b6 20. Qc3 Qf7 21. Rd2
Rfd8 22. Rfd1 Rac8 23. Na1 b5 24. b4 Qc7 ({
Es waere interessant zu untersuchen, warum Schwarz auf} 24... Bxc4 {
verzichtete.} {Zwar haette er nach} 25. Bxc4 Qxc4 26. Qxc4+ (26. Qg3 $5) 26...
bxc4 {fuer das praechtige Springerfeld d5 Schwaechen in der c-Linie zulassen
muessen, doch was hier eigentlich zaehlt, ist die INITIATIVE des Nachziehenden,
aus der sich einiges machen laesst, z.B.} 27. Rc1 (27. Rc2 Nd5) 27... e3 $1 {
Initiative bedeutet zu handeln!} 28. Re2 Rxd4 29. Rxe3 Nd5 30. Re5 (30. Nc2 Rd2
31. Re5 ({Sich mittels} 31. Rf3 {an jeden Bauern zu klammern und dabei auch
noch die e-Linie aufzugeben macht es nach} 31... Re8 {noch schlimmer, z.B.} 32.
Rff1 Ree2 33. Ne1 Ra2 34. h3 Ne3 35. Rg1 Rxa3 $19 {usw.}) 31... Nxf4 32. Ne1
Nd3 33. Nxd3 cxd3 $19) 30... Rxf4) 25. cxb5 Qxf4 26. bxc6 Bd5 27. Bc4 Qd6 28.
Bxd5+ Nxd5 29. Qc5 Rxc6 30. Qxd6 Rcxd6 31. Nb3 Kf7 32. Nc5 Re8 33. Rf1 g6 34.
g4 Ne3 35. Re1 Nxg4 36. h3 e3 37. Rde2 Nf2+ 38. Kg2 f4 39. Kf3 Rxd4 40. Nb3 Rd3
41. Nc5 Rxa3 42. Kxf4 Nd3+ 43. Nxd3 Rxd3 44. Rxe3 Rdxe3 45. Rxe3 Rxe3 46. Kxe3
Ke6 47. Ke4 g5 48. Kf3 h5 49. h4 gxh4 50. Kg2 Kd5 0-1

[Event "FSV-ch 2009"]
[Site "Dortmund"]
[Date "2009.06.04"]
[Round "7.14"]
[White "Weischer, Wolfgang"]
[Black "Benke, Werner"]
[Result "1/2-1/2"]
[WhiteElo "1578"]
[BlackElo "1530"]
[PlyCount "130"]
[EventDate "2009.??.??"]
[SourceDate "2009.04.03"]

1. e4 e5 2. Nf3 Nc6 3. d4 exd4 4. c3 d3 5. Bxd3 d6 6. O-O Nf6 7. Re1 Be7 8. e5
dxe5 9. Nxe5 Nxe5 10. Rxe5 O-O 11. Bg5 h6 12. Bh4 Bd6 13. Re3 c6 14. Qc2 Bxh2+
15. Kf1 Qd6 16. Bxf6 Qxf6 17. Nd2 Bc7 18. Ke2 Bg4+ 19. Nf3 Bb6 20. Re4 Rfe8 21.
Rh1 Qf4 22. Kf1 Rxe4 23. Bxe4 Bxf3 24. Bxf3 Rd8 25. Ke1 Re8+ 26. Kf1 Qc4+ 27.
Be2 Qxa2 28. Qc1 Qe6 29. Bd3 Qf6 30. Qc2 Qe5 31. Qc1 Qd6 32. Rh3 Re6 33. Rf3
Rf6 34. Qd1 Kf8 35. Bc2 Qxd1+ 36. Bxd1 Rd6 37. Ke1 Ke7 38. Bb3 Rf6 39. Rxf6
Kxf6 40. g4 Kg5 41. Bxf7 Kxg4 42. Ke2 Kf4 43. Bg6 Bc5 (43... a5 {
Kandidat voran!} 44. b3 Ba7 45. c4 (45. Be8 g5 46. f3 Kg3 47. Bg6 b5 48. Be8 a4
49. bxa4 bxa4 50. Bxc6 a3 51. Bd5 h5 $19) 45... Ke5) 44. b4 Bd6 45. Bh5 g5 46.
f3 b6 47. Be8 c5 48. b5 Be5 49. c4 Bd4 50. Bh5 Kg3 51. Kd3 Kh4 52. Bf7 g4 53.
fxg4 Kxg4 54. Ke4 h5 55. Kd5 h4 56. Kc6 Kf4 57. Kb7 Ke3 58. Kxa7 h3 59. Kxb6 h2
60. Bd5 Kd3 61. Kc6 h1=Q 62. Bxh1 Kxc4 63. b6 Be5 64. Bd5+ {(=)} 64... Kd4 65.
b7 Bb8 1/2-1/2

[Event "FSV-ch 2009"]
[Site "Dortmund"]
[Date "2009.06.04"]
[Round "7.15"]
[White "Geelhaar, Thorsten"]
[Black "Tautz, Eugen"]
[Result "0-1"]
[WhiteElo "1757"]
[BlackElo "1419"]
[PlyCount "98"]
[EventDate "2009.??.??"]
[SourceDate "2009.04.03"]

1. e4 c5 2. Nc3 Nc6 3. f4 e5 4. fxe5 Nxe5 5. Nf3 d6 6. Nxe5 dxe5 7. Bc4 Nf6 8.
O-O Qd4+ 9. Kh1 Qxc4 10. d3 Qe6 11. Nb5 Qb6 12. c4 Bd7 13. Nc3 Be7 14. b3 h6
15. Qe1 g5 16. Qf2 Qe6 17. Nd5 Nxd5 18. cxd5 Qg6 19. Bb2 f6 20. Ba3 b6 21. Qd2
h5 22. Rf2 h4 23. b4 Rc8 24. Rc1 O-O 25. Rcf1 c4 26. d6 c3 27. Qc2 Bxd6 28. Bc1
Be6 29. Qa4 Rc7 30. Ba3 Kg7 31. b5 Bxa3 32. Qxa3 Qe8 33. Qa4 Qd7 34. Qd1 Qxb5
35. a4 Qc6 36. d4 Qxe4 37. dxe5 Qxe5 38. Qc2 Qd5 39. Re1 Qb3 40. Qe4 c2 41. Rc1
Qd5 42. Qe3 Qd1+ 43. Rf1 Qd7 44. Rf2 Rc5 45. h3 Re8 46. Rd2 Qxa4 47. Rd4 Qc6
48. Re4 a5 49. Qd4 Rd5 0-1

[Event "FSV-ch 2009"]
[Site "Dortmund"]
[Date "2009.06.04"]
[Round "7.16"]
[White "Maffei, Hendrik"]
[Black "Raskin, Vitali"]
[Result "0-1"]
[WhiteElo "1180"]
[BlackElo "1635"]
[PlyCount "58"]
[EventDate "2009.??.??"]
[SourceDate "2009.04.03"]

1. Nf3 Nc6 2. d4 d5 3. g3 g6 4. Bg2 Bg7 5. O-O Nf6 6. Bg5 O-O 7. c3 Ne4 8. Nbd2
Nxg5 9. Nxg5 e5 10. h4 exd4 11. Qb3 h6 12. Nxf7 Kxf7 13. Bxd5+ Ke7 14. Rad1 Rf5
15. e4 dxe3 16. Rfe1 Rxd5 17. Rxe3+ Kf8 18. Rf3+ Bf5 19. g4 Rxd2 20. Rxd2 Qxd2
21. gxf5 Ne5 22. Qxb7 Nxf3+ 23. Qxf3 Rd8 24. fxg6+ Kg8 25. Qf7+ Kh8 26. Kg2 Rf8
27. Qxc7 Rxf2+ 28. Kh3 Qe3+ 29. Kg4 Qf3# 0-1

[Event "FSV-ch 2009"]
[Site "Dortmund"]
[Date "2009.06.04"]
[Round "7.17"]
[White "Gennat, Egon L"]
[Black "Rzoczek, Christoph"]
[Result "0-1"]
[WhiteElo "1407"]
[BlackElo "1590"]
[PlyCount "72"]
[EventDate "2009.??.??"]
[SourceDate "2009.04.03"]

1. d4 Nf6 2. c4 c6 3. Nc3 d5 4. Nf3 Nbd7 5. g3 g6 6. Bg2 Bg7 7. O-O O-O 8. Re1
e6 9. b3 a5 10. Bb2 Ng4 11. h3 Nh6 12. e4 dxe4 13. Nxe4 c5 14. Qc2 Qb6 15. dxc5
Nxc5 16. Bxg7 Kxg7 17. Qc3+ f6 18. Rad1 Nf5 19. g4 Nxe4 20. Rxe4 Ne7 21. Red4
Qc7 22. Rd6 Nd5 23. R6xd5 exd5 24. Rxd5 Be6 25. Rd1 Rad8 26. Re1 Bf7 27. Ng5
Qf4 28. Ne4 Rfe8 29. f3 Qe5 30. Qc1 f5 31. gxf5 gxf5 32. Qg5+ Bg6 33. Qe3 fxe4
34. Kh1 Rd3 35. Qb6 Qg3 36. Qxb7+ Kh6 0-1

[Event "FSV-ch 2009"]
[Site "Dortmund"]
[Date "2009.06.04"]
[Round "7.18"]
[White "Schirmer, Michael"]
[Black "Rüttiger, Volker"]
[Result "1-0"]
[WhiteElo "1429"]
[BlackElo "1217"]
[PlyCount "63"]
[EventDate "2009.??.??"]
[SourceDate "2009.04.03"]

1. c4 Nf6 2. Nc3 b6 3. e4 e5 4. Nf3 d6 5. d4 exd4 6. Nxd4 Bb7 7. Bd3 Be7 8. O-O
O-O 9. Nf5 Re8 10. Nxe7+ Qxe7 11. Nd5 Nxd5 12. exd5 Nd7 13. b3 c6 14. Ba3 Nf8
15. Qd2 c5 16. Rfe1 Qd8 17. Bb2 Bc8 18. Qc3 f6 19. Bc2 Rb8 20. Qg3 Rb7 21. Rxe8
Qxe8 22. Qxd6 Re7 23. h3 Re1+ 24. Kh2 Re2 25. Rc1 Rxf2 26. Qg3 Re2 27. Bxf6 Ng6
28. Bg5 Qf7 29. Qb8 Re8 30. Qd6 Ne5 31. Bd1 Bxh3 32. Rc3 {
und Schwarz ueberschritt die Zeit ...} 1-0

[Event "FSV-ch 2009"]
[Site "Dortmund"]
[Date "2009.06.04"]
[Round "7.19"]
[White "Gerke, Dieter"]
[Black "Hast, Stefan"]
[Result "1/2-1/2"]
[WhiteElo "1612"]
[BlackElo "1185"]
[PlyCount "120"]
[EventDate "2009.??.??"]
[SourceDate "2009.04.03"]

1. Nf3 d5 2. d4 Bg4 3. Ne5 Bh5 4. g4 Bg6 5. Bg2 e6 6. Bf4 Nd7 7. Nxg6 hxg6 8.
Nd2 Qf6 9. e3 O-O-O 10. c4 dxc4 11. Qa4 Kb8 12. Qxc4 Rc8 13. Rc1 Qd8 14. Bxb7
Kxb7 15. Nb3 c6 16. Qa4 Nb6 17. Na5+ Ka8 18. Qb3 Qd5 19. Qxd5 cxd5 20. Rxc8+
Nxc8 21. Nc6 Bd6 22. Ne5 Bxe5 23. Bxe5 f6 24. Bg3 Nge7 25. O-O Kb7 26. Rc1 Nc6
27. b4 a6 28. a4 e5 29. b5 axb5 30. axb5 Nb4 31. dxe5 Nd3 32. Rd1 Nxe5 33. Rxd5
Nb6 34. Rd6 Nec4 35. Re6 Rd8 36. h4 Rd7 37. Re8 Nc8 38. Re6 Re7 39. Rc6 Ne5 40.
Bxe5 Rxe5 41. Kg2 Rxb5 42. Re6 Rc5 43. g5 Rc6 44. Re8 f5 45. Rg8 Rc7 46. Kf3
Nd6 47. Kf4 Re7 48. f3 Kc6 49. Ra8 Nc4 50. e4 fxe4 51. fxe4 Nd6 52. Ra6+ Kd7
53. e5 Ne8 54. Rxg6 Re6 55. Kf5 Rxg6 56. Kxg6 Ke6 57. h5 Kxe5 58. Kf7 Kf5 59.
h6 gxh6 60. gxh6 Nf6 1/2-1/2

[Event "FSV-ch 2009"]
[Site "Dortmund"]
[Date "2009.06.04"]
[Round "7.20"]
[White "Pfeffer, Josef"]
[Black "Milonas, Georgios"]
[Result "0-1"]
[WhiteElo "1244"]
[BlackElo "1462"]
[PlyCount "88"]
[EventDate "2009.??.??"]
[SourceDate "2009.04.03"]

1. e4 c5 2. Be2 e6 3. Bf3 Nc6 4. g3 g6 5. Ne2 Bg7 6. c3 c4 7. Bg2 Nge7 8. O-O
O-O 9. f4 d5 10. e5 d4 11. d3 dxc3 12. bxc3 cxd3 13. Nd4 Nxd4 14. Qxd3 Ndc6 15.
Qe3 Nf5 16. Qf2 Qb6 17. Qxb6 axb6 18. Be4 Nfe7 19. Ba3 Rd8 20. Bf3 Nd5 21. Rd1
b5 22. Be2 Nxc3 23. Rxd8+ Nxd8 24. Nxc3 Rxa3 25. Nxb5 Ra8 26. Nc7 Rb8 27. Rd1
Nc6 28. Bf3 Bf8 29. Bxc6 bxc6 30. Ne8 Be7 31. Rc1 Bd7 32. Nf6+ Bxf6 33. exf6
Kf8 34. a4 Ra8 35. Ra1 Ra5 36. g4 Ke8 37. g5 Kd8 38. Ra3 Kc7 39. Rh3 Rxa4 40.
Rxh7 Be8 41. Rh4 Rd4 42. Kf2 c5 43. Ke3 Rd8 44. Rh7 c4 0-1

[Event "FSV-ch 2009"]
[Site "Dortmund"]
[Date "2009.06.04"]
[Round "7.21"]
[White "Wangrin, Stefan A"]
[Black "Skoecz, Horst"]
[Result "1/2-1/2"]
[WhiteElo "948"]
[BlackElo "1394"]
[PlyCount "83"]
[EventDate "2009.??.??"]
[SourceDate "2009.04.03"]

1. e4 d5 2. Nc3 dxe4 3. Nxe4 c6 4. Bc4 Bf5 5. Ng5 Nh6 6. d3 e6 7. h3 Be7 8.
N1f3 Nd7 9. Be3 a5 10. a4 Bg6 11. Qe2 Nf5 12. Bf4 h6 13. Ne4 Qb6 14. c3 Nh4 15.
Nxh4 Bxh4 16. Nd6+ Kf8 17. Ne4 Bxe4 18. Bd6+ Be7 19. Bxe7+ Kxe7 20. dxe4 Ne5
21. O-O Qc5 22. b3 Rad8 23. Rad1 Rxd1 24. Rxd1 Nxc4 25. Qxc4 Qxc4 26. bxc4 Rd8
27. Rxd8 Kxd8 28. c5 Kc7 29. Kf1 b6 30. cxb6+ Kxb6 31. Ke2 Kc5 32. Kd3 g6 33.
g4 f5 34. exf5 exf5 35. gxf5 gxf5 36. f4 Kd5 37. c4+ Kc5 38. Kc3 Kd6 39. Kd4
c5+ 40. Kc3 Ke6 41. h4 Kf6 42. h5 1/2-1/2

[Event "FSV-ch 2009"]
[Site "Dortmund"]
[Date "2009.06.04"]
[Round "7.22"]
[White "Bönke, Holger E"]
[Black "Skalweit, Wolfgang"]
[Result "0-1"]
[WhiteElo "1064"]
[BlackElo "1347"]
[PlyCount "34"]
[EventDate "2009.??.??"]
[SourceDate "2009.04.03"]

1. e4 e5 2. f4 exf4 3. Bc4 Qh4+ 4. Kf1 Nf6 5. Nc3 Ng4 6. g3 Nxh2+ 7. Ke2 Qg4+
8. Kf2 Qxg3+ 9. Ke2 Qg2+ 10. Kd3 Qxh1 11. Bxf7+ Kd8 (11... Kxf7) 12. Qh5 Qxg1
13. Nd5 Nc6 14. Qh4+ g5 15. Qh5 Qd4+ (15... Ne5+ 16. Kc3 Qc5+ 17. Kb3 Qc4#) 16.
Ke2 Qxe4+ 17. Kf2 Bc5+ 0-1

[Event "FSV-ch 2009"]
[Site "Dortmund"]
[Date "2009.06.04"]
[Round "7.23"]
[White "Krüger, Inge"]
[Black "Kittel, Swetlana"]
[Result "1-0"]
[WhiteElo "1336"]
[BlackElo "946"]
[PlyCount "67"]
[EventDate "2009.??.??"]
[SourceDate "2009.04.03"]

1. d4 d5 2. c4 Nf6 3. Nc3 e6 4. Bg5 h6 5. Bh4 g5 6. Bg3 Bb4 7. Qc2 Ne4 8. e3
O-O 9. Bd3 f5 10. Nf3 Bxc3+ 11. bxc3 Nc6 12. O-O Na5 13. cxd5 Qxd5 14. Bxc7 Nc4
15. a4 Bd7 16. Ne5 Nxe5 17. Bxe5 Qc6 18. c4 Be8 19. f3 Nd6 20. c5 Nf7 21. Bg3
a6 22. e4 f4 23. Bf2 e5 24. d5 Qg6 25. Rfb1 Ra7 26. c6 g4 27. fxg4 Qxg4 28.
Bxa7 f3 29. cxb7 Ng5 30. Kh1 fxg2+ 31. Qxg2 Qf4 32. Rf1 Qe3 33. Rxf8+ Kxf8 34.
Bxe3 1-0

[Event "FSV-ch 2009"]
[Site "Dortmund"]
[Date "2009.06.08"]
[Round "7.25"]
[White "Weih, Kurt"]
[Black "Oelze, Eckhardt"]
[Result "1-0"]
[WhiteElo "1305"]
[BlackElo "984"]
[PlyCount "72"]
[EventDate "2009.??.??"]
[SourceDate "2009.04.03"]

1. e4 e5 2. Nf3 Nc6 3. Bc4 Bc5 4. b4 Bxb4 5. c3 Ba5 6. Qb3 Nh6 7. O-O a6 8. a4
d6 9. d4 Qe7 10. dxe5 Nxe5 11. Nxe5 Qxe5 12. Bd2 O-O 13. Bd3 Ng4 14. f4 Qc5+
15. Kh1 Nf2+ 16. Rxf2 Qxf2 17. Qc2 Bd7 18. Na3 Bc6 19. Rf1 Qh4 20. Nc4 b6 21.
Rf3 b5 22. Nxa5 Bd7 23. g3 Qg4 24. Rf1 bxa4 25. Nc4 Bc6 26. Kg1 Qh3 27. Rf2
Rfe8 28. e5 Qe6 29. Bxh7+ Kh8 30. Ne3 g6 31. f5 Qxe5 32. fxg6 Be4 33. Qa2 Rab8
34. Qxf7 Rb1+ 35. Rf1 Rxf1+ 36. Qxf1 {Nun zog Schwarz} 36... Qd5 {und strich
gleich die Segel, wobei unklar bleibt, ob er nur glaubte, die Dame eingestellt
zu haben, oder ob er sah, dass er durch Df1-f6 mattgesetzt werden kann.} 1-0

[Event "FSV-ch 2009"]
[Site "Dortmund"]
[Date "2009.06.04"]
[Round "7.26"]
[White "Wickenfeld, Udo"]
[Black "Griese, Andreas"]
[Result "1/2-1/2"]
[WhiteElo "1220"]
[BlackElo "1145"]
[PlyCount "75"]
[EventDate "2009.??.??"]
[SourceDate "2009.04.03"]

1. d4 d5 2. c4 e6 3. cxd5 exd5 4. Nc3 Nf6 5. Bg5 Be7 6. e3 O-O 7. Nf3 Bf5 8.
Rc1 c6 9. Be2 Nbd7 10. O-O Ne4 11. Bxe7 Qxe7 12. Bd3 Nxc3 13. Rxc3 Bxd3 14.
Qxd3 Nf6 15. Ne5 Ne4 16. Rc2 f6 17. Nf3 Rad8 18. Qe2 Rc8 19. Nd2 c5 20. Rfc1 b6
21. Nxe4 dxe4 22. d5 Rfd8 23. Rd1 f5 24. Rcd2 Rd6 25. f3 Rcd8 26. f4 g6 27. Qc4
Kf8 28. Qc3 Kf7 29. Qc4 g5 30. Qe2 g4 31. g3 h5 32. Kg2 Rh8 33. Rh1 Ke8 34. h3
Rh7 35. h4 Qb7 36. Qb5+ Kd8 37. Rhd1 Rhd7 38. Qc4 1/2-1/2

[Event "FSV-ch 2009"]
[Site "Dortmund"]
[Date "2009.06.04"]
[Round "7.27"]
[White "Strotmann, Dieter"]
[Black "Herrmann, Rudolf"]
[Result "1/2-1/2"]
[WhiteElo "1306"]
[BlackElo "1399"]
[PlyCount "68"]
[EventDate "2009.??.??"]
[SourceDate "2009.04.03"]

1. Nf3 Nf6 2. d4 d5 3. Bf4 a6 4. e3 e6 5. Bd3 c5 6. c3 Nc6 7. O-O Bd6 8. Bxd6
Qxd6 9. Nbd2 c4 10. Bc2 b5 11. e4 dxe4 12. Nxe4 Qe7 13. Re1 O-O 14. Nxf6+ Qxf6
15. Qd2 Bb7 16. Be4 Rab8 17. Bxc6 Bxc6 18. Ne5 Rbc8 19. f4 h6 20. Rf1 Rfd8 21.
Qe3 Bd5 22. Rf2 Qf5 23. Re1 h5 24. h3 f6 25. Nf3 Bxf3 26. Qxf3 Rd5 27. Rfe2 Re8
28. g4 Qg6 29. Rxe6 Rdd8 30. Rxe8+ Rxe8 31. Qd5+ Kf8 32. Qd6+ Kg8 33. Qd5+ Kf8
34. Qd6+ (34. Rxe8+ Qxe8 (34... Kxe8 $2 35. Qxh5) 35. Kf2 hxg4 36. hxg4 Qg6 37.
Qd8+ Kf7 38. Qd7+ Kf8 39. Qf5 Qh6 40. Kg2 Qh4 41. Qe6 Qh6 42. Qd6+ Kf7 43. d5
Qh7 44. Qe6+ Kf8 45. Qf5 Qxf5 46. gxf5 Ke7 47. Kf3 Kd6 48. Ke4 Kc5 (48... a5
49. Kd4 a4 50. a3 {Zugzwang}) 49. b4+ cxb3 50. axb3 {und Weiss gewinnt, z.B.}
50... a5 51. b4+ axb4 52. cxb4+ Kxb4 53. d6 {usw.}) 34... Kg8 1/2-1/2

[Event "FSV-ch 2009"]
[Site "Dortmund"]
[Date "2009.06.04"]
[Round "7.28"]
[White "Ortlepp, Olaf"]
[Black "Grüneberg, Ingo"]
[Result "0-1"]
[WhiteElo "1047"]
[BlackElo "1171"]
[PlyCount "78"]
[EventDate "2009.??.??"]
[SourceDate "2009.04.03"]

1. Nf3 Nf6 2. c4 c6 3. d4 d5 4. Nc3 Bf5 5. e3 Nbd7 6. Be2 e6 7. a3 Be7 8. O-O
Qc7 9. Nd2 O-O 10. f4 dxc4 11. Nxc4 Rad8 12. Bd2 b5 13. Ne5 {Nun schlaegt der
schwarze Springer, welcher tatsaechlich auf f6 steht, vermeintlich vom Feld g6
aus den weissen Zentrumsspringer. Um diesen regelwidrigen Zug, der von beiden
Spielern bis nach Partieende unbemerkt bleibt, eingeben zu koennen, folgen
einige "Nullzuege", die den Sf6 nach g6 positionieren:} 13... Nd5 ({Spraechen n
icht beide Originalaufzeichnungen eine eindeutig(!) andere Sprache, waere auch
denkbar, dass ein Zugpaar vergessen wurde und die Partie wie folgt verlief:} 
13... Nxe5 14. dxe5 Nd7 15. h3 h6 16. Qe1 f6 17. Na2 fxe5 18. Ba5 Nb6 19. g4
Bd3 20. Rc1 Bxe2 21. Qxe2 Kh8 22. Qg2 c5 23. Nb4 exf4 24. Nc6 Rd7 25. Nxe7 Rxe7
26. e4 Ref7 27. Rf3 Qe5 28. Re1 Nc4 29. Bc3 Qd6 30. h4 b4 31. e5 Qd8 32. axb4
cxb4 33. Bxb4 Qb6+ 34. Kh2 Qxb4 35. Re2 Qb6) 14. -- Bh4 15. -- Ne7 16. -- Ng6
17. -- Be7 {Geschafft! Weiter geht's wie in der Partie ...} 18. -- Ngxe5 19.
dxe5 h6 20. Qe1 f6 21. Na2 fxe5 22. Ba5 Nb6 23. g4 Bd3 24. Rc1 Bxe2 25. Qxe2
Kh8 26. Qg2 c5 27. Nb4 exf4 28. Nc6 Rd7 29. Nxe7 Rxe7 30. e4 Ref7 31. Rf3 Qe5
32. Re1 Nc4 33. Bc3 Qd6 34. h4 b4 35. e5 Qd8 36. axb4 cxb4 37. Bxb4 Qb6+ 38.
Kh2 Qxb4 39. Re2 Qb6 0-1

[Event "FSV-ch 2009"]
[Site "Dortmund"]
[Date "2009.06.08"]
[Round "7.29"]
[White "Rabe, Mark"]
[Black "Schirmer, Florian"]
[Result "0-1"]
[WhiteElo "950"]
[BlackElo "1028"]
[PlyCount "63"]
[EventDate "2009.??.??"]
[SourceDate "2009.04.03"]

1. e4 c5 2. Bc4 Nc6 3. c3 e6 4. d3 g6 5. Nf3 Bg7 6. O-O Nge7 7. Be3 d6 8. h4
Qa5 9. Ng5 Ne5 10. Bb3 h6 11. Nh3 O-O 12. a3 b5 13. Bd2 Nxd3 14. Qc2 c4 15. Ba2
Bb7 16. b4 Qb6 17. Be3 Qc7 18. Nd2 f5 19. Nf4 Nxf4 20. Bxf4 fxe4 21. Bg3 Qc6
22. Bb1 d5 23. a4 a6 24. a5 Nf5 25. Ba2 Nxg3 26. fxg3 Qd6 27. Rxf8+ Rxf8 28.
Rf1 Qxg3 29. Rxf8+ Kxf8 30. Nf1 Qxc3 31. Qf2+ Kg8 32. Qb6 {
und wegen ...Lg7-d4+ gab Weiss auf ...} 0-1